| 000 | 01170aam a2200373 4500 | ||
|---|---|---|---|
| 999 |
_c63867 _d63867 |
||
| 001 | 382529 | ||
| 003 | CO-MdFUSB | ||
| 005 | 20181006082622.0 | ||
| 008 | 970519s1984 ag b 001 0 spa d | ||
| 020 | _a9507244107 | ||
| 040 |
_aPTS _cCO-MdFUSB _bspa _dCO-MdFUSBC _erda |
||
| 041 | _aspa | ||
| 049 | _aPTSS | ||
| 082 |
_224 _a220.6 _bC937h |
||
| 100 | 1 |
_aCroatto, J. Severino _eautor |
|
| 245 | 1 | 0 |
_aHermenéutica Biblica _b : para una teoría de la lectura como producción de sentido _c/ José Severino Croatto. |
| 250 | _aSegunda edición | ||
| 264 | 1 |
_aBuenos Aires : _bEditorial Lumen, _c[1994] |
|
| 264 | 4 | _c©1994 | |
| 300 |
_a143 p. ; _c20 cm. |
||
| 336 | _2rdacontent | ||
| 337 | _2rdamedia | ||
| 338 | _2rdacarrier | ||
| 500 | _aCover sub-title: Un libro que enseña a leer creativamente la Biblia. | ||
| 504 | _aIncludes bibliographical references and indexes. | ||
| 505 | _tDe la Semiótica a la hermenéutica. | ||
| 505 | _tPraxis e interpretación | ||
| 505 | _tExégesis y eiségesis | ||
| 563 | _arústico | ||
| 650 | 7 |
_9417 _aBiblia _xHermenéutica |
|
| 942 | _cBK | ||